00473cam a22001457a 4500020001500000082001500015245005900030260004500089300002000134520002700154650002100181942000700202999001500209952010300224 a085186399x04a541.37 TEA00aThe Teaching of Elcetrochemistry at the Tertiary Level aCambridge :bRoyal Society of Chemistry, a59 p. :bill. ; aPapers form a Workshop 0aelectrochemistry cBK c2610d2610 0010708NFICaICbICcGENd2015-12-06l0o541.37 TEAp000450r2022-11-17 00:00:00w2015-12-06yBK